Największe Miasta Polski z 1910 roku - Statystyki

Ogólne statystyki
  • Ten quiz został rozwiązany 420 razy
  • Średni wynik to 12 z 15
Statystyki odpowiedzi
Ludność Miasto % Poprawnych
822,123 Warszawa
99%
111,138 Kraków
97%
190,438 Gdańsk
94%
415,916 Łódź
94%
153,645 Poznań
92%
506,196 Wrocław
92%
234,333 Szczecin
88%
42,038 Katowice
87%
95,644 Białystok
82%
64,976 Lublin
81%
56,428 Bydgoszcz
80%
33,109 Toruń
76%
47,696 Radom
62%
70,608 Częstochowa
61%
91,338 Sosnowiec
49%
Nie znaleziono quizów pasujących do podanych kryteriów
Rozkład punktacji
Procent ludzi z każdym wynikiem
Percentyl według liczby udzielonych odpowiedzi
Twoja historia wyników
Nie rozwiązałeś tego quizu